| 000 | 00696nam a22001817a 4500 | ||
|---|---|---|---|
| 999 |
_c7443 _d7443 |
||
| 003 | GBCCL | ||
| 005 | 20241126110628.0 | ||
| 008 | 180810b ||||| |||| 00| 0 eng d | ||
| 040 | _cGBC | ||
| 082 |
_a234 _bDAV |
||
| 100 |
_aDavis, T G _913144 |
||
| 245 |
_aSaved and certain _cT G Davis |
||
| 260 |
_aNashville, Tenn. : _bBroadman Press, _c1955. |
||
| 300 | _axii, 104 pages ; 19 cm | ||
| 505 | _aOne of the unfortunate weaknesses among Christians is the lack of knowledge about the great doctrines in the Bible. This book sets forth in clear and easily understood terms some of the teachings that are the basis for Christian hope and conduct. | ||
| 650 |
_aSalvation _9452 |
||
| 942 |
_2ddc _cBK |
||